A sickness in society : (Record no. 921)
[ view plain ]
| 000 -LEADER | |
|---|---|
| fixed length control field | 00627nam a2200205Ii 4500 |
| 001 - CONTROL NUMBER | |
| control field | 6897800 |
| 003 - CONTROL NUMBER IDENTIFIER | |
| control field | OSt |
| 005 - DATE AND TIME OF LATEST TRANSACTION | |
| control field | 20180830120230.0 |
| 008 - FIXED-LENGTH DATA ELEMENTS--GENERAL INFORMATION | |
| fixed length control field | 801104s1960 dcu 000 0 eng d |
| 035 ## - SYSTEM CONTROL NUMBER | |
| System control number | tcgc181402 |
| 040 ## - CATALOGING SOURCE | |
| Original cataloging agency | KAT |
| Transcribing agency | KAT |
| Modifying agency | TSM |
| 082 ## - DEWEY DECIMAL CLASSIFICATION NUMBER | |
| Classification number | 363.47 |
| Item number | C226S |
| 090 ## - LOCALLY ASSIGNED LC-TYPE CALL NUMBER (OCLC); LOCAL CALL NUMBER (RLIN) | |
| Classification number (OCLC) (R) ; Classification number, CALL (RLIN) (NR) | BV4597.6 |
| Local cutter number (OCLC) ; Book number/undivided call number, CALL (RLIN) | .C3 |
| 100 1# - MAIN ENTRY--PERSONAL NAME | |
| Personal name | Cannon, Ralph A. |
| 245 12 - TITLE STATEMENT | |
| Title | A sickness in society : |
| Remainder of title | an analysis of sex exploitation on the newsstands / |
| Statement of responsibility, etc. | by Ralph A. Cannon. |
| 260 ## - PUBLICATION, DISTRIBUTION, ETC. | |
| Place of publication, distribution, etc. | Washington, D.C. : |
| Name of publisher, distributor, etc. | Methodist Board of Temperance, |
| Date of publication, distribution, etc. | [1960?] |
| 300 ## - PHYSICAL DESCRIPTION | |
| Extent | 38 p. : |
| Dimensions | 19 cm. |
| 650 #0 - SUBJECT ADDED ENTRY--TOPICAL TERM | |
| Topical term or geographic name entry element | Pornography |
| General subdivision | Religious aspects |
| -- | Christianity. |
| 942 ## - ADDED ENTRY ELEMENTS (KOHA) | |
| Source of classification or shelving scheme | Dewey Decimal Classification |
| Koha item type | Books |
| Withdrawn status | Lost status | Source of classification or shelving scheme | Damaged status | Not for loan | Collection code | Home library | Current library | Shelving location | Date acquired | Total Checkouts | Full call number | Barcode | Date last seen | Price effective from | Koha item type |
|---|---|---|---|---|---|---|---|---|---|---|---|---|---|---|---|
| Dewey Decimal Classification | Non-fiction | Harvest Mission College | Harvest Mission College | General Stacks | 30.08.2018 | 363.47 C226S | 002537 | 30.08.2018 | 30.08.2018 | Books |
